01998nam a2200469 i 450000500170000000700030001700800410002002000180006104000350007904100080011408400120012210000410013424501320017525000230030726400680033030000310039833600270042933700330045633800280048952100380051754500660055565000760062165000560069765000540075365000280080765000300083570000440086570000410090970000500095070000500100070000490105070000430109970000580114270000500120070000470125070000550129770000520135270000500140470000440145494200150149899900150151320220317002043.0ta201119s2019 ck er 000 pdspa d a9789582604356 aCO-BoRNBPbspaerdacCO-BoRNBP0 aspa aP GUE131 aGuerrero, María Pazd1982-eautora13aLa generación sin nombrebuna antologíacselección y prólogo María Paz Guerrero ; Giovanni Quessep ... [y otros doce] aPrimera edición  1aBogotábEdiciones Universidad CentralbGimnasio Modernoc2019 a405, [10] páginasc21 cm 2rdacontentatextobtxt 2rdamediaasin mediaciónbn 2rdacarrieravolumenbnc aRecomendado para público adulto aIncluye datos biográficos de los autores al final del texto172LEMBaPoesía colombianaxHistoria y críticaySiglo XXvAntologías172LEMBaLiteratura colombianaySiglo XXvAntologías172LEMBaAutores colombianosySiglo XXvAntologías172LEMBaSoledadvPoesía172LEMBaNostalgiavPoesía1 aQuessep, Giovannid1939-eautor91635421 aRestrepo, Elkind1942-eautor9186661 aMéndez Camacho, Migueld1942-eautor9117721 aLuque Muñoz, Henryd1944-2005eautor9474821 aGarcía Maffla, Jaimed1944-eautor91635431 aMiranda, Álvarod1945-eautor9230891 aCarranza, María Mercedesd1945-2003eautora91635441 aPinilla Vargas, Augustod1946-eautor91635451 aBonells Rovira, Davidd1946-eautor9815471 aDíaz-Granados, José Luisd1946-eautor91635461 aJaramillo Agudelo, Darío d1947-eautor932831 aCobo Borda, Juan Gustavod1948-eautor9172991 aCanfield, Marthad1949-eautora9163547 2loccBKLIT c9024d9024